[Event "Michigan Open"]
[Site "Romulus, MI"]
[Date "2000.09.02"]
[Round "3.17"]
[White "Kulbacki, James"]
[Black "Manion, Tom"]
[Result "1/2-1/2"]
[WhiteElo "2003"]
[BlackElo "1858"]
[PlyCount "84"]
[EventDate "2000.09.01"]

1. d4 e6 2. e4 c5 3. d5 exd5 4. exd5 d6 5. c4 g6 6. Nf3 Bg7 7. Be2 Ne7 8. O-O
O-O 9. Nc3 Na6 10. Bf4 Nf5 11. g4 Nd4 12. Nxd4 Bxd4 13. Qd2 Re8 14. Bf3 f5 15.
Bg5 Bf6 16. Bxf6 Qxf6 17. Qf4 g5 18. Qg3 f4 19. Qh3 Qg6 20. Rae1 Bd7 21. Be4
Qf7 22. Qh6 Qg7 23. Qh5 Nc7 24. Kh1 Re5 25. f3 Rf8 26. Rf2 Rf6 27. Qh3 h5 28.
Rfe2 Kf8 29. Bf5 Bxf5 30. gxf5 Rexf5 31. Ne4 g4 32. Qf1 Rf7 33. fxg4 hxg4 34.
Ng3 R5f6 35. Ne4 f3 36. Re3 Rf4 37. Qd3 Qh6 38. Ng3 Qh3 39. Rg1 Rd4 40. Qg6 Rd1
41. Qxd6+ Kg8 42. Qg6+ Kh8 1/2-1/2

[Event "Michigan Open Reserve"]
[Site "Romulus, MI"]
[Date "2000.09.02"]
[Round "2.50"]
[White "Kane, Paul"]
[Black "Morian, William"]
[Result "1/2-1/2"]
[WhiteElo "1643"]
[BlackElo "1548"]
[PlyCount "80"]
[EventDate "2000.09.01"]

1. d4 d5 2. c4 e6 3. Nc3 Nf6 4. Bg5 Be7 5. e3 O-O 6. cxd5 exd5 7. Nf3 h6 8. Bh4
c6 9. Bd3 Be6 10. O-O Nbd7 11. a3 Qc7 12. Bg3 Bd6 13. Ne5 Nxe5 14. Bxe5 Bxe5
15. dxe5 Qxe5 16. Rc1 Ng4 17. g3 Qh5 18. h4 Nf6 19. Qxh5 Nxh5 20. Be2 Nf6 21.
b4 Rac8 22. Na4 Ne4 23. Kg2 Rfd8 24. f3 Nd2 25. Rfd1 Nc4 26. Bxc4 dxc4 27. Nc5
b5 28. e4 Kf8 29. Kf2 Ke7 30. Ke3 Rxd1 31. Rxd1 Rd8 32. Rxd8 Kxd8 33. f4 Bg4
34. e5 Ke7 35. Kd4 f6 36. exf6+ Kxf6 37. Nd7+ Kf5 38. Ne5 Bd1 39. Nxc6 Ba4 40.
Ne5 h5 1/2-1/2

[Event "Michigan Open Reserve"]
[Site "Romulus, MI"]
[Date "2000.09.02"]
[Round "3.28"]
[White "Kane, Paul"]
[Black "Holden, Anthony"]
[Result "0-1"]
[WhiteElo "1643"]
[BlackElo "1414"]
[Annotator "Jeff Aldrich"]
[PlyCount "18"]
[EventDate "2000.09.01"]

{Queen's Gambit: Albin} 1. d4 d5 2. c4 e5 3. dxe5 Nc6 ({The main line of the
Albin Counter Gambit is} 3... d4) 4. cxd5 Nxe5 5. Nc3 Bd7 6. e4 Bb4 7. Bd2 Nf6
8. f3 $2 {Overreacting.} Nh5 9. Nge2 $4 {Defending ...Qh4+.} ({Simpler is} 9.
Qb3 Qh4+ 10. Kd1) ({or} 9. g3) 9... Nd3# 0-1

[Event "Michigan Open"]
[Site "Romulus, MI"]
[Date "2000.09.02"]
[Round "3.14"]
[White "Jones, Gary"]
[Black "Jarosz, Stan"]
[Result "0-1"]
[WhiteElo "1777"]
[BlackElo "1948"]
[Annotator "Bob Ciaffone"]
[PlyCount "40"]
[EventDate "2000.09.01"]

1. e4 c5 2. Nc3 Nc6 3. f4 {This is the Grand Prix Attack against the Sicilian.}
g6 4. Nf3 Bg7 5. Bb5 e6 {Black should take advantage of the fact his Nc6 is
not pinned in this move-order and play 5...Nd4 with at least full equality,
maybe slightly more.} 6. Bxc6 {Reasonable.} bxc6 7. O-O Ne7 8. e5 Nf5 9. Ne4
O-O 10. Qe1 (10. Nxc5 $1 Qb6 11. d4) 10... Ba6 11. d3 Qb6 12. Kh1 c4 {Black
achieves his goal of dissolving the doubled pawns.} 13. g4 $6 {Lifting up the
roof of the king's house when a rainstorm is coming.} Nd4 14. g5 $2 {It
doesn't get much uglier than this, fixing his pawns on the same color square
as his bishop, and donating the f5 square for keeps to the black knight.} Nf5
15. Nh4 cxd3 16. Nxf5 exf5 17. Nf6+ Bxf6 18. exf6 Rfe8 19. Qh4 {White is
thinking offense, but his quarterback is about to get sacked.} Bc4 20. Qh6 Bd5+
{It's mate in one on both sides of the board. In such positions, being on move
is quite important. This game is a good lesson in the chess thinking process.
You cannot give yourself three undesturbed moves without looking to see if the
opponent can do something in the meantime.} 0-1

[Event "Michigan Open Reserve"]
[Site "Romulus, MI"]
[Date "2000.09.02"]
[Round "2.51"]
[White "Jointer, William"]
[Black "Jaskot, Allan"]
[Result "1-0"]
[WhiteElo "1617"]
[BlackElo "1260"]
[PlyCount "83"]
[EventDate "2000.09.01"]

1. e4 b6 2. d4 e6 3. f4 d5 4. e5 c5 5. c3 c4 6. Nf3 h6 7. Be2 Nc6 8. O-O Nge7
9. Na3 a6 10. Qe1 Nf5 11. g4 Nfe7 12. Qh4 Ng6 13. Qh5 b5 14. Nc2 b4 15. f5 exf5
16. gxf5 Qd7 17. fxg6 Qg4+ 18. Qxg4 Bxg4 19. gxf7+ Kd7 20. Ne3 Bh3 21. Rf2 Ra7
22. Nxd5 Rb7 23. Bxc4 bxc3 24. bxc3 g5 25. Bxa6 Rb8 26. Nf6+ Kc7 27. d5 Nxe5
28. Be3 Nxf7 29. Bd4 Bd6 30. c4 Ra8 31. Bb5 h5 32. c5 Rhd8 33. cxd6+ Nxd6 34.
Bc6 Ra3 35. Nxg5 Rd3 36. Be5 Rb8 37. Ne8+ Kd8 38. Nxd6 Rb4 39. Nxh3 Rxh3 40.
Rf8+ Ke7 41. Rf7+ Kd8 42. Rd7# 1-0

[Event "Michigan Open Reserve"]
[Site "Romulus, MI"]
[Date "2000.09.02"]
[Round "1.55"]
[White "Jaskot, Allan"]
[Black "Frantz, John C"]
[Result "1-0"]
[WhiteElo "1260"]
[BlackElo "443"]
[PlyCount "75"]
[EventDate "2000.09.01"]

1. e4 e5 2. Nf3 Nf6 3. Nc3 Nc6 4. Bc4 d5 5. Bxd5 Nxd5 6. Nxd5 Be6 7. c4 Bxd5 8.
cxd5 Nb4 9. O-O Nd3 10. Qa4+ Qd7 11. Qxd7+ Kxd7 12. a3 g6 13. Ne1 Nc5 14. f3
Nb3 15. Rb1 f5 16. Nd3 c5 17. Nxe5+ Ke8 18. d3 Bg7 19. f4 g5 20. Nc4 b5 21.
Nd6+ Kf8 22. Nxf5 Bf6 23. fxg5 Be5 24. Nd4+ Ke8 25. Nxb3 c4 26. dxc4 bxc4 27.
Nd2 Bd4+ 28. Kh1 Ke7 29. Nxc4 Rhf8 30. Be3 Bxe3 31. Nxe3 Rf7 32. Nf5+ Kd7 33.
d6 Re8 34. Rfe1 Ref8 35. g4 a5 36. Kg2 a4 37. Nd4 Kxd6 38. Re2 1-0

[Event "Michigan Open Reserve"]
[Site "Romulus, MI"]
[Date "2000.09.02"]
[Round "3.36"]
[White "Jaskot, Allan"]
[Black "Carr, Jay"]
[Result "1/2-1/2"]
[WhiteElo "1260"]
[BlackElo "1600"]
[PlyCount "48"]
[EventDate "2000.09.01"]

1. e4 c5 2. Nf3 Nf6 3. e5 Nd5 4. c4 Nc7 5. d4 e6 6. d5 d6 7. Nc3 dxe5 8. Nxe5
exd5 9. Nxd5 Nxd5 10. cxd5 Qe7 11. Bf4 f6 12. d6 Qxd6 13. Bb5+ Nd7 14. Qh5+ g6
15. Nxg6 Qe6+ 16. Be3 Qf7 17. Nf4 Qxh5 18. Nxh5 a6 19. Nxf6+ Kd8 20. Nxd7 axb5
21. Nxf8 Rxf8 22. Bg5+ Kd7 23. O-O-O+ Kc6 24. Be3 Be6 1/2-1/2

[Event "Michigan Open Reserve"]
[Site "Romulus, MI"]
[Date "2000.09.02"]
[Round "3.40"]
[White "Imai, Toshio"]
[Black "Cox, Nick"]
[Result "1-0"]
[WhiteElo "1500"]
[BlackElo "1213"]
[PlyCount "109"]
[EventDate "2000.09.01"]

1. e4 c5 2. d4 cxd4 3. c3 dxc3 4. Nf3 Nc6 5. Nxc3 Nf6 6. Bc4 d6 7. e5 Nxe5 8.
Nxe5 dxe5 9. Bxf7+ Kxf7 10. Qxd8 e6 11. Qc7+ Be7 12. Qxe5 Bd7 13. O-O Rac8 14.
Be3 a6 15. Rad1 Bc6 16. Rfe1 Rhe8 17. Bg5 Bb4 18. Bxf6 gxf6 19. Qh5+ Kf8 20.
Qh6+ Kg8 21. Rd4 Re7 22. Rg4+ Kf7 23. Rxb4 Rg8 24. Qh5+ Kf8 25. Rg4 Rxg4 26.
Qxg4 Rg7 27. Qxg7+ Kxg7 28. Rxe6 Kf7 29. Re3 h5 30. h4 Kg6 31. g3 Kf5 32. f4
Kg4 33. Kh2 Bd7 34. Ne4 Kf5 35. Nd6+ Kg6 36. Nxb7 Bc6 37. Nc5 Bb5 38. a4 Bc4
39. b3 Bf7 40. Nxa6 Kf5 41. Nc5 Bd5 42. b4 Kg6 43. b5 f5 44. b6 Bc6 45. b7 Bxb7
46. Nxb7 Kf6 47. a5 Kg6 48. a6 Kf6 49. a7 Kg6 50. a8=Q Kf6 51. Qd8+ Kg6 52.
Re6+ Kf7 53. Qf6+ Kg8 54. Qg6+ Kf8 55. Re8# 1-0

[Event "Michigan Open Reserve"]
[Site "Romulus, MI"]
[Date "2000.09.02"]
[Round "2.30"]
[White "Holden, Anthony"]
[Black "Moore, Robert"]
[Result "1-0"]
[WhiteElo "1414"]
[BlackElo "1627"]
[PlyCount "63"]
[EventDate "2000.09.01"]

1. d4 Nf6 2. e3 d6 3. Bd3 g6 4. Nd2 Bg7 5. f4 O-O 6. f5 Nd5 7. Nb3 gxf5 8. Bd2
e6 9. Qf3 Qh4+ 10. g3 Qg4 11. Qg2 Nf6 12. h3 Qg6 13. O-O-O Ne4 14. g4 Bh6 15.
Bxe4 fxe4 16. h4 d5 17. g5 f6 18. Nh3 e5 19. Rdg1 Bg7 20. h5 Qf7 21. Bb4 Re8
22. gxf6 Qxf6 23. dxe5 Rxe5 24. Bc3 Nc6 25. Nf4 Ne7 26. h6 Nf5 27. hxg7 Nxe3
28. Qh2 Bf5 29. Nh5 Qh6 30. Qxe5 Nc4+ 31. Qf4 Qe6 32. Nd4 1-0

[Event "Michigan Open"]
[Site "Romulus, MI"]
[Date "2000.09.02"]
[Round "3.13"]
[White "Herndon, Robert"]
[Black "Aldrich, Jeff"]
[Result "1/2-1/2"]
[WhiteElo "1811"]
[BlackElo "1949"]
[PlyCount "82"]
[EventDate "2000.09.01"]

1. e4 c6 2. d4 d5 3. exd5 cxd5 4. Bd3 Nc6 5. c3 Qc7 6. Ne2 e6 7. Bf4 Bd6 8.
Bxd6 Qxd6 9. O-O Nf6 10. Nd2 e5 11. dxe5 Nxe5 12. Bb5+ Bd7 13. Bxd7+ Qxd7 14.
Nd4 O-O 15. N2f3 Ng6 16. Qc2 Rfc8 17. Qf5 Qc7 18. Rfe1 a6 19. Rad1 b5 20. a3
Qb7 21. Ne5 a5 22. Nc2 Re8 23. Ng4 Nxg4 24. Qxg4 Red8 25. Re3 Qd7 26. Qxd7 Rxd7
27. g3 Rb8 28. Rde1 Kf8 29. f4 f6 30. Re6 Ne7 31. Ra6 b4 32. axb4 axb4 33. Nxb4
d4 34. Rc1 Rc7 35. Nd3 Rbc8 36. c4 Rxc4 37. Rxc4 Rxc4 38. Ra8+ Kf7 39. Rd8 Nc6
40. Rd7+ Kg6 41. Rd5 Nb4 1/2-1/2

[Event "Michigan Open Reserve"]
[Site "Romulus, MI"]
[Date "2000.09.02"]
[Round "2.24"]
[White "Haygood, Norman"]
[Black "Raban, David"]
[Result "1-0"]
[WhiteElo "1416"]
[BlackElo "1586"]
[PlyCount "49"]
[EventDate "2000.09.01"]

1. e4 e6 2. c4 d5 3. cxd5 exd5 4. exd5 Nf6 5. d4 Nxd5 6. h3 Nd7 7. Nf3 c6 8.
Be2 Bd6 9. O-O O-O 10. Nc3 N7f6 11. Bg5 Qc7 12. Bxf6 Nxf6 13. Rc1 Qd8 14. Re1
Bf5 15. Bd3 Qa5 16. Qc2 Bxd3 17. Qxd3 Rad8 18. Qc2 Bc7 19. Re7 Rd7 20. Rce1 Bd6
21. Rxd7 Nxd7 22. a3 Nf6 23. Ne4 Nxe4 24. Qxe4 Qd8 25. b4 1-0

[Event "Michigan Open"]
[Site "Romulus, MI"]
[Date "2000.09.02"]
[Round "3.9"]
[White "Hahn, David"]
[Black "Vandivier, Don"]
[Result "1-0"]
[WhiteElo "2143"]
[BlackElo "1850"]
[PlyCount "41"]
[EventDate "2000.09.01"]

1. c4 c5 2. g3 g6 3. Bg2 Bg7 4. Nc3 Nc6 5. e4 d6 6. Nge2 Bd7 7. d3 Rb8 8. Rb1
Qc8 9. h3 Nd4 10. a4 a6 11. Be3 b5 12. axb5 Nxe2 13. Qxe2 Bxc3+ 14. bxc3 axb5
15. cxb5 Rxb5 16. O-O Rxb1 17. Rxb1 Bxh3 18. Bxh3 Qxh3 19. Rb8+ Kd7 20. Qa2 h5
21. Rb7+ 1-0

[Event "Michigan Open Reserve"]
[Site "Romulus, MI"]
[Date "2000.09.02"]
[Round "3.23"]
[White "Grzegorczyk, Ron"]
[Black "Bostic, Donald"]
[Result "1/2-1/2"]
[WhiteElo "1527"]
[BlackElo "1693"]
[PlyCount "116"]
[EventDate "2000.09.01"]

1. e4 g6 2. d4 d6 3. Nc3 Bg7 4. Be3 Nd7 5. Nf3 e5 6. Bc4 h6 7. Qd2 Ne7 8. O-O
f5 9. exf5 Nxf5 10. dxe5 Nxe5 11. Nxe5 Bxe5 12. Bf4 Qh4 13. Bxe5 dxe5 14. Qd5
Qf6 15. Rae1 Ne7 16. Rxe5 Kf8 17. Qc5 b6 18. Qxc7 Bf5 19. Rfe1 Nc6 20. Be6 Nxe5
21. Bxf5 gxf5 22. Qxe5 Qxe5 23. Rxe5 Re8 24. Rxf5+ Kg7 25. Kf1 Re6 26. f3 Rd8
27. Rd5 Rxd5 28. Nxd5 Rd6 29. c4 b5 30. b3 bxc4 31. bxc4 Rc6 32. Ne3 Ra6 33.
Ke2 Rxa2+ 34. Kd3 a5 35. c5 Ra3+ 36. Kd4 Ra1 37. c6 Rc1 38. Nc4 Re1 39. Nxa5
Re7 40. Kd5 Kf6 41. Nc4 h5 42. g4 hxg4 43. fxg4 Kg5 44. Kd6 Re8 45. Kd7 Rh8 46.
Ne5 Rh7+ 47. Kd6 Rh6+ 48. Kd5 Rh7 49. Kd6 Rh6+ 50. Kd5 Rh7 51. Ke4 Rc7 52. h3
Kh4 53. Kd5 Kxh3 54. Kd6 Rc8 55. c7 Kg3 56. Kd7 Rg8 57. c8=Q Rxc8 58. Kxc8 Kf4
1/2-1/2

[Event "Michigan Open Reserve"]
[Site "Romulus, MI"]
[Date "2000.09.02"]
[Round "2.31"]
[White "Griffin, John"]
[Black "Raugh, Walter"]
[Result "1/2-1/2"]
[WhiteElo "1610"]
[BlackElo "1150"]
[PlyCount "107"]
[EventDate "2000.09.01"]

1. d4 Nf6 2. c4 g6 3. Nc3 Bg7 4. e4 d6 5. Be2 O-O 6. Nf3 e5 7. d5 c6 8. Bg5 h6
9. Bc1 Re8 10. Nd2 a5 11. O-O Na6 12. a3 Nc5 13. f3 Qb6 14. Kh1 Rd8 15. Na4
Nxa4 16. Qxa4 cxd5 17. cxd5 Bd7 18. Qb3 Qxb3 19. Nxb3 a4 20. Nd2 b5 21. Re1
Rac8 22. Nf1 Rc7 23. Ne3 Rdc8 24. Bd2 h5 25. Rac1 Rxc1 26. Rxc1 Rxc1+ 27. Bxc1
Bh6 28. Kg1 Kf8 29. Kf2 Ke8 30. Bd2 Kd8 31. Bb4 Ne8 32. Nd1 Bf8 33. Bd2 Kc8 34.
f4 exf4 35. Bxf4 Nc7 36. h3 Be7 37. g4 hxg4 38. hxg4 Kb7 39. Kf3 f5 40. gxf5
gxf5 41. Bd2 fxe4+ 42. Kxe4 Be8 43. Ne3 Bg6+ 44. Kf4 Bf6 45. Bb4 Be5+ 46. Kg4
Be4 47. Bf3 Bxf3+ 48. Kxf3 Na6 49. Bc3 Bxc3 50. bxc3 Nc7 51. Ke4 Kb6 52. Kd4
Na8 53. Nc2 Kc7 54. Nb4 1/2-1/2

[Event "Michigan Open Reserve"]
[Site "Romulus, MI"]
[Date "2000.09.02"]
[Round "3.31"]
[White "Gorman, Jonathan"]
[Black "Corbeill, Joe"]
[Result "1/2-1/2"]
[WhiteElo "1268"]
[BlackElo "1736"]
[PlyCount "74"]
[EventDate "2000.09.01"]

1. c4 Nf6 2. Nc3 c5 3. g3 Nc6 4. Bg2 g6 5. e4 Bg7 6. Nge2 O-O 7. d3 d6 8. O-O
Bd7 9. h4 a6 10. Nf4 Rb8 11. Ncd5 h5 12. Nxf6+ Bxf6 13. Rb1 b5 14. b3 b4 15.
Nd5 Bg7 16. Kh2 a5 17. f4 e6 18. Ne3 f5 19. exf5 exf5 20. Re1 Re8 21. Bb2 Nd4
22. Qd2 Kf8 23. Kh3 a4 24. Nc2 Nxc2 25. Bxg7+ Kxg7 26. Qxc2 a3 27. Rxe8 Qxe8
28. Qf2 Qf8 29. Re1 Re8 30. Rxe8 Qxe8 31. Qf3 Qe7 32. Qb7 Kf6 33. Bd5 Be6 34.
Qxe7+ Kxe7 35. Kg2 Kd7 36. Kf3 Bxd5+ 37. cxd5 Kc7 1/2-1/2

[Event "Michigan Open"]
[Site "Romulus, MI"]
[Date "2000.09.02"]
[Round "1.57"]
[White "Geisleman, Dennis"]
[Black "Zubatch, Steve"]
[Result "1-0"]
[WhiteElo "2057"]
[BlackElo "1869"]
[PlyCount "57"]
[EventDate "2000.09.01"]

1. d4 Nf6 2. c4 g6 3. Nc3 Bg7 4. e4 d6 5. f3 O-O 6. Be3 e5 7. Nge2 Nc6 8. d5
Ne7 9. Qd2 Re8 10. O-O-O Nd7 11. Bh6 Bh8 12. h4 f5 13. h5 f4 14. hxg6 Nxg6 15.
g3 fxg3 16. Nxg3 Nf6 17. Bh3 Re7 18. Nf5 Rf7 19. Rdg1 Bg7 20. Bxg7 Rxg7 21.
Nxg7 Kxg7 22. Bf5 Kf7 23. Bxg6+ hxg6 24. Qg5 Qg8 25. Rh6 Nh5 26. Qxg6+ Qxg6 27.
Rhxg6 Nf6 28. Rg7+ Kf8 29. Rxc7 1-0

[Event "Michigan Open"]
[Site "Romulus, MI"]
[Date "2000.09.02"]
[Round "3.3"]
[White "Geisleman, Dennis"]
[Black "Pierce, Kevin"]
[Result "1-0"]
[WhiteElo "2057"]
[BlackElo "1902"]
[Annotator "Bob Ciaffone"]
[PlyCount "61"]
[EventDate "2000.09.01"]

1. d4 {Black obtains a solid game with some nice play. But he overlooks a
deadly tactic, and is punished for the error.} g6 {The Modern Defense.} 2. e4
Bg7 3. Nc3 {When white puts his queen-knight in front of the c-pawn, we have a
Pirc.} c5 4. d5 d6 {The chamelion-like course of this game finally rests in a
Schmid Benoni.} 5. Bb5+ Bd7 6. Bxd7+ Nxd7 7. Nge2 Ngf6 8. O-O b5 $1 {Taking
advantage of the fact that the Nc3 is the lone defender of the e4 pawn.} 9. f3
Rb8 10. Rb1 O-O 11. Be3 Re8 $6 {The move 11...b4 looks right, since a4, its
only square, is a rim outpost for white's knight.} 12. b4 cxb4 13. Rxb4 Qa5 14.
Qb1 a6 15. Nd4 {Square c6 beckons.} Ne5 16. Rd1 Rbc8 17. Nce2 e6 18. dxe6 fxe6
19. c3 Nc4 20. Bf2 Nd7 {Black has a fine game.} 21. a4 bxa4 22. Qa2 Ndb6 $2 {
The wrong way to support the Nc4.} (22... Qc7 $1 23. Rxa4 a5 {Looks nice for
black.}) 23. Nxe6 $1 {This fine tactical shot is based on the white queen
being on the same diagonal as the black king. White looks winning here.} Bxc3
24. Rxb6 Nxb6 25. Nc7+ d5 26. Nxe8 Rxe8 27. Nxc3 Qxc3 28. Bxb6 Qb3 29. Qxb3
axb3 30. exd5 Rb8 31. Bc7 1-0

[Event "Michigan Open Reserve"]
[Site "Romulus, MI"]
[Date "2000.09.02"]
[Round "1.48"]
[White "Frantz, John W"]
[Black "Kane, Paul"]
[Result "0-1"]
[WhiteElo "1227"]
[BlackElo "1643"]
[PlyCount "109"]
[EventDate "2000.09.01"]

1. b4 e5 2. Bb2 d6 3. c4 b6 4. d4 exd4 5. Qxd4 Bb7 6. Nd2 Nc6 7. Qe4+ Qe7 8.
Qxe7+ Ngxe7 9. a3 Ng6 10. Ngf3 Nce5 11. e3 Be7 12. Be2 Bf6 13. Rb1 Nh4 14. Nxh4
Bxh4 15. O-O Bf6 16. f4 Nd7 17. Bf3 O-O-O 18. g4 Rde8 19. Kf2 h6 20. Bxb7+ Kxb7
21. Kf3 Re7 22. Rfe1 Rhe8 23. e4 c6 24. a4 a6 25. Ba3 Kc7 26. Bb2 Bxb2 27. Rxb2
Nf6 28. h4 g6 29. g5 hxg5 30. hxg5 Nd7 31. b5 cxb5 32. cxb5 a5 33. Rc2+ Nc5 34.
Rc3 Kd7 35. Rc4 Rh8 36. e5 d5 37. Rd4 Ke6 38. Kg4 Ree8 39. Re3 Rd8 40. Nb1 Rd7
41. Nc3 Rhd8 42. Re1 Nb3 43. Rd3 d4 44. Ne4 Nc5 45. Nxc5+ bxc5 46. Rc1 Kd5 47.
Rd2 c4 48. Kf3 Rc7 49. Re2 c3 50. Rec2 Rdc8 51. Rd1 Rc4 52. Ra2 Rb4 53. Rh2 Rb2
54. Rh7 c2 55. Rc1 0-1

[Event "Michigan Open Reserve"]
[Site "Romulus, MI"]
[Date "2000.09.02"]
[Round "3.35"]
[White "Frantz, John W"]
[Black "Griffin, John"]
[Result "0-1"]
[WhiteElo "1227"]
[BlackElo "1610"]
[PlyCount "50"]
[EventDate "2000.09.01"]

1. b4 d5 2. Bb2 Nf6 3. e3 g6 4. Nf3 Bg7 5. c4 O-O 6. Be2 c6 7. O-O Nbd7 8. d4
Ne8 9. Nbd2 dxc4 10. Nxc4 Nd6 11. Qb3 Nxc4 12. Bxc4 e6 13. a4 b6 14. b5 c5 15.
Ng5 Qxg5 16. Rad1 Bb7 17. f3 Bd5 18. Bc1 Bxc4 19. Qxc4 Qe7 20. d5 exd5 21. Qxd5
Rad8 22. Qb7 Rfe8 23. Rd5 Bf6 24. Rfd1 Nf8 25. Rxd8 Rxd8 0-1

[Event "Michigan Open Reserve"]
[Site "Romulus, MI"]
[Date "2000.09.02"]
[Round "3.46"]
[White "Frantz, John C"]
[Black "Moore, Robert"]
[Result "0-1"]
[WhiteElo "443"]
[BlackElo "1627"]
[PlyCount "58"]
[EventDate "2000.09.01"]

1. e4 c5 2. Nf3 d6 3. Nc3 Nf6 4. Bb5+ Bd7 5. d4 cxd4 6. Qxd4 Nc6 7. Qc4 Rc8 8.
Ng5 Ne5 9. Qb3 h6 10. Bf4 hxg5 11. Bxe5 dxe5 12. Bxd7+ Qxd7 13. Rd1 Qc6 14. Ne2
e6 15. Ng1 Nxe4 16. Nf3 Qc5 17. Qa4+ Qc6 18. Qxa7 Bc5 19. Qa5 O-O 20. Nxe5
Bxf2+ 21. Kf1 Qxc2 22. g3 Qxd1+ 23. Kg2 Qd2 24. Nd7 Bb6+ 25. Kf3 Bxa5 26. Nxf8
Qd3+ 27. Kg4 f5+ 28. Kh5 Qf3+ 29. Kg6 Rxf8 0-1

[Event "Michigan Open Reserve"]
[Site "Romulus, MI"]
[Date "2000.09.02"]
[Round "2.19"]
[White "Foord, Allan"]
[Black "James, Larry"]
[Result "0-1"]
[WhiteElo "1500"]
[BlackElo "1701"]
[PlyCount "70"]
[EventDate "2000.09.01"]

1. e4 e6 2. d4 d5 3. Nc3 Bb4 4. e5 c5 5. a3 cxd4 6. axb4 dxc3 7. bxc3 Qc7 8.
Qd4 Nc6 9. Bb5 Bd7 10. Bxc6 Qxc6 11. Ne2 a6 12. O-O Ne7 13. Bg5 Nc8 14. f4 Qb6
15. Kh1 Qxd4 16. cxd4 Nb6 17. g4 Rc8 18. Rac1 h6 19. Bh4 Nc4 20. f5 Ne3 21. Rf4
Rxc2 22. Rxc2 Nxc2 23. Rf3 O-O 24. Be7 Rc8 25. Bc5 Ne1 26. Rf1 Nd3 27. f6 Bb5
28. Nc3 Nxc5 29. Nxb5 Ne4 30. Nd6 Nxd6 31. exd6 gxf6 32. Rxf6 Kg7 33. Rf2 Rd8
34. Rc2 Rxd6 35. Rc7 Rb6 0-1

[Event "Michigan Open"]
[Site "Romulus, MI"]
[Date "2000.09.02"]
[Round "3.16"]
[White "Finegold, Mark"]
[Black "Thomas, Courtney"]
[Result "1-0"]
[WhiteElo "2266"]
[BlackElo "1091"]
[PlyCount "63"]
[EventDate "2000.09.01"]

1. e4 c5 2. c3 e5 3. Nf3 Nc6 4. Bc4 Nf6 5. Ng5 d5 6. exd5 Nxd5 7. Qf3 Be6 8. d3
Be7 9. Nxe6 fxe6 10. O-O Qd7 11. Nd2 O-O-O 12. Ne4 Rdf8 13. Qh3 Kc7 14. a4 h5
15. Be3 g5 16. Bxg5 Rhg8 17. Bxd5 Qxd5 18. Bxe7 Nxe7 19. Qe3 b6 20. a5 Nf5 21.
axb6+ axb6 22. Qe2 Nh4 23. g3 Nf3+ 24. Kh1 h4 25. Ra7+ Kc6 26. b4 cxb4 27. cxb4
Nd4 28. Rc1+ Kb5 29. Qd1 Nb3 30. Rc4 Rxf2 31. Qxb3 Rf1+ 32. Kg2 1-0

[Event "Michigan Open"]
[Site "Romulus, MI"]
[Date "2000.09.02"]
[Round "3.1"]
[White "Finegold, Ben"]
[Black "Levi, Ariel"]
[Result "1-0"]
[WhiteElo "2562"]
[BlackElo "2123"]
[PlyCount "83"]
[EventDate "2000.09.01"]

1. d4 Nf6 2. c4 c5 3. d5 b5 4. Nf3 g6 5. Qc2 Bg7 6. e4 d6 7. cxb5 a6 8. Nc3 O-O
9. a4 e6 10. dxe6 fxe6 11. e5 Nd5 12. exd6 Qxd6 13. Bc4 Bb7 14. Ne4 Qc7 15. O-O
axb5 16. Bxb5 Na6 17. Neg5 Nf4 18. Bxf4 Qxf4 19. Rfe1 Bd5 20. Nxe6 Qg4 21. h3
Qf5 22. Qxf5 Rxf5 23. Nxg7 Kxg7 24. Ne5 Rf4 25. Rad1 Nb4 26. Nd3 Nxd3 27. Rxd3
Bc4 28. Rd7+ Kf6 29. Rd6+ Kg7 30. g3 Bxb5 31. gxf4 Bxa4 32. Ra1 Bc6 33. Rxa8
Bxa8 34. Rd8 Be4 35. Rc8 Kf6 36. Rxc5 h5 37. h4 Bf3 38. Re5 Bg4 39. b4 Bc8 40.
b5 Bb7 41. b6 Ba6 42. Ra5 1-0

[Event "Michigan Open"]
[Site "Romulus, MI"]
[Date "2000.09.02"]
[Round "3.7"]
[White "Drysdale, Gilbert"]
[Black "Smith, Walt"]
[Result "1/2-1/2"]
[WhiteElo "1813"]
[BlackElo "1961"]
[PlyCount "42"]
[EventDate "2000.09.01"]

1. c4 c6 2. g3 d5 3. Bg2 dxc4 4. Na3 Nf6 5. Nxc4 g6 6. Nf3 Bg7 7. O-O O-O 8.
Qc2 Nbd7 9. b3 Nb6 10. Bb2 Bf5 11. d3 Nxc4 12. bxc4 Rc8 13. Qb3 b5 14. Ne5 bxc4
15. Nxc4 Be6 16. Qa4 Bxc4 17. Qxc4 Qd7 18. Rfc1 Nd5 19. Bxg7 Kxg7 20. Qd4+ f6
21. Rc5 e5 1/2-1/2

[Event "Michigan Open"]
[Site "Romulus, MI"]
[Date "2000.09.02"]
[Round "2.6"]
[White "Drake, Robert"]
[Black "Roe, Philip"]
[Result "1/2-1/2"]
[WhiteElo "1878"]
[BlackElo "2010"]
[PlyCount "77"]
[EventDate "2000.09.01"]

1. e4 c5 2. Nf3 d6 3. Bc4 Nf6 4. d3 Nc6 5. c3 e6 6. Bb3 Be7 7. Nbd2 O-O 8. O-O
Qc7 9. Re1 b5 10. Nf1 Bb7 11. Qe2 Na5 12. Bc2 Rac8 13. Bg5 h6 14. Bh4 Nh5 15.
Bxe7 Qxe7 16. Qd2 e5 17. c4 b4 18. Ne3 Nc6 19. Nf5 Qf6 20. g3 Rc7 21. Bd1 Bc8
22. N3h4 Bxf5 23. Nxf5 Qg6 24. Nh4 Qg5 25. Qxg5 hxg5 26. Nf3 g4 27. Nd2 Nf6 28.
Nf1 Nd4 29. Ne3 g5 30. Kg2 Rb8 31. Rh1 b3 32. a3 Nc2 33. Rc1 Nxe3+ 34. fxe3 a5
35. Be2 Kg7 36. Rcf1 Kg6 37. Rf5 Re7 38. Rhf1 Re6 39. R1f2 1/2-1/2

[Event "Michigan Open Reserve"]
[Site "Romulus, MI"]
[Date "2000.09.02"]
[Round "2.40"]
[White "Dolin, Jack"]
[Black "Sobh, Bassel"]
[Result "1-0"]
[WhiteElo "1314"]
[BlackElo "865"]
[PlyCount "97"]
[EventDate "2000.09.01"]

1. d4 d5 2. Nf3 Nf6 3. c4 dxc4 4. Qa4+ Bd7 5. Qxc4 e6 6. Bg5 Be7 7. Nc3 O-O 8.
e3 b6 9. Bd3 c5 10. O-O Nc6 11. Ne4 Nxe4 12. Bxe7 Nxe7 13. Bxe4 Rc8 14. Qd3 g6
15. Bb7 Rb8 16. Ba6 Qc7 17. Rac1 Nf5 18. b4 Bc8 19. bxc5 bxc5 20. Rxc5 Bxa6 21.
Qxa6 Qb6 22. Qxb6 Rxb6 23. Rc7 Rfb8 24. Rxa7 Rb1 25. Ne5 Rxf1+ 26. Kxf1 Nd6 27.
Ke2 Rb1 28. Kf3 f5 29. Nd3 h5 30. Nc5 Rh1 31. h3 g5 32. Nxe6 Ne8 33. Nxg5 h4
34. Kf4 Rg1 35. g3 hxg3 36. fxg3 Rc1 37. Kxf5 Rc7 38. Ra8 Re7 39. e4 Kg7 40. e5
Nc7 41. Ra7 Nd5 42. Rxe7+ Nxe7+ 43. Ke6 Nc6 44. d5 Nb8 45. d6 Nc6 46. d7 Kf8
47. Kf6 Kg8 48. e6 Nb8 49. d8=R# 1-0

[Event "Michigan Open Reserve"]
[Site "Romulus, MI"]
[Date "2000.09.02"]
[Round "1.52"]
[White "Culverson, Javin"]
[Black "Wright, Ken"]
[Result "0-1"]
[WhiteElo "936"]
[BlackElo "1588"]
[PlyCount "45"]
[EventDate "2000.09.01"]

1. e4 e5 2. Nf3 Nc6 3. Bc4 Nf6 4. d3 Bc5 5. Be3 Bxe3 6. fxe3 d6 7. O-O Bg4 8.
a3 d5 9. exd5 Nxd5 10. e4 Ne3 11. Qe2 Nxf1 12. Nc3 Nxh2 13. Kxh2 Nd4 14. Qf2
Bxf3 15. gxf3 Qg5 16. Rg1 Qh5+ 17. Kg2 O-O-O 18. a4 f5 19. Nb5 Nxb5 20. Be6+
Kb8 21. axb5 fxe4 22. Rh1 exf3+ 23. Kg3 0-1